000 00369nam a2200121 4500
999 _c9477
_d9477
008 180705b ||||| |||| 00| 0 eng d
100 _928180
_aClapano, Jose Rodel
245 _aGov't to relaunch peace talks with MILF in KL/
_cJose Rodel Clapano
260 _aPhilippines
_bThe Philippine Star
_cc2016
300 _apage A19.
650 0 _928181
_aPeace.
942 _2ddc
_cPER